| Tag |
First Indicator |
Second Indicator |
Subfields |
| LEADER |
00000cam a2200000 4500 |
| 001 |
in00000453087 |
| 005 |
20190207094310.0 |
| 008 |
780308s1928 txua 00000 eng d |
| 035 |
|
|
|a (OCoLC)03697916
|
| 035 |
|
|
|9 ABY3272AM
|
| 040 |
|
|
|a TLM
|c TLM
|d TXA
|d UtOrBLW
|
| 049 |
|
|
|a TXAS
|c [1700732]
|
| 090 |
|
|
|a F392.R5
|b F39
|
| 092 |
|
|
|a 917.64
|
| 100 |
1 |
|
|a Fay, Charles S.
|
| 245 |
1 |
2 |
|a A little journey through the lower valley of the Rio Grande :
|b the magic valley of Texas.
|
| 264 |
|
1 |
|a [Houston, Texas] :
|b [Southern Pacific Lines],
|c [1928]
|
| 264 |
|
4 |
|c [©1928]
|
| 300 |
|
|
|a 64 pages :
|b illustrations (part color) ;
|c 27 cm.
|
| 336 |
|
|
|a text
|b txt
|2 rdacontent
|
| 337 |
|
|
|a unmediated
|b n
|2 rdamedia
|
| 338 |
|
|
|a volume
|b nc
|2 rdacarrier
|
| 500 |
|
|
|a The Cushing Library/Chapman Texas Collection copy is part of the Floyd & Louise Chapman Texas & Borderlands Collection.
|5 TXA
|
| 500 |
|
|
|a "Issued by C. S. Fay, traffic manager."
|
| 651 |
|
0 |
|a Rio Grande Valley (Colo.-Mexico and Tex.)
|x Description and travel.
|
| 710 |
2 |
|
|a Southern Pacific Company.
|
| 999 |
|
|
|a MARS
|
| 999 |
f |
f |
|s fd6db5b4-407b-322a-b7db-b57a1fa3f884
|i 631c1416-cd05-39b1-93ea-237e295656c9
|t 0
|
| 952 |
f |
f |
|p noncirc
|a Texas A&M University
|b College Station
|c Cushing Memorial Library & Archives
|d Cushing: Chapman Texas Collection (Does not check out)
|t 0
|e F392.R5 F39
|h Library of Congress classification
|i unmediated -- volume
|m A14800333670
|
| 998 |
f |
f |
|a F392.R5 F39
|t 0
|l Cushing: Chapman Texas Collection (Does not check out)
|